El léxico de los oficios en el habla popular costarricense

Gespeichert in:
Bibliographische Detailangaben
1. Verfasser: Zamora Araya, Xinia
Format: Buch
Sprache:Undetermined
Veröffentlicht: San José, Costa Rica Universidad de Costa Rica, Escuela de Filología, Lingüística y Literatura 1977
Schlagworte:
Tags: Tag hinzufügen
Keine Tags, Fügen Sie den ersten Tag hinzu!

MARC

LEADER 00000nam a2200000Ia 4500
008 170316s9999 xx 000 0 und d
999 |c 13780  |d 13780 
040 |a cru BVZT 
090 |a TESIS 171 
100 |a Zamora Araya, Xinia 
245 |a El léxico de los oficios en el habla popular costarricense 
260 |a San José, Costa Rica  |b Universidad de Costa Rica, Escuela de Filología, Lingüística y Literatura  |c 1977 
300 |a 122 páginas 
650 |a LICENCIATURA EN FILOLOGÍA ESPAÑOLA 
650 |a TRABAJO FINAL DE GRADUACIÓN  |9 237 
942 |c TFG  |h TESIS 171  |2 z